[Event "Manitoba-ch Seniors"]
[Site "Winnipeg"]
[Date "2019.10.22"]
[Round "4.3"]
[White "Magyar, Peter"]
[Black "Reimer, Bruce"]
[Result "1-0"]
[WhiteElo "1468"]
[BlackElo "1545"]
[PlyCount "97"]
[EventDate "2019.10.01"]
[EventType "swiss"]
[EventRounds "5"]
[EventCountry "CAN"]
[SourceTitle "EXT 2023"]
[Source "ChessBase"]
[SourceDate "2022.10.05"]
[SourceVersion "1"]
[SourceVersionDate "2022.10.05"]
[SourceQuality "1"]

1. d4 g6 2. Bf4 Bg7 3. e3 d6 4. Nf3 a6 5. Be2 b5 6. Nbd2 Bb7 7. c3 Nf6 8. h3 Nbd7 9. 0-0 c5 10. c4 bxc4 11. Bxc4 0-0 12. Nb3 cxd4 13. exd4 Ne4 14. Nbd2 Nb6 15. Bd3 Nxd2 16. Nxd2 Bxd4 17. Rb1 Bg7 18. Be4 Bxe4 19. Nxe4 Nc4 20. b3 Ne5 21. h4 Qa5 22. a4 Qb4 23. Re1 f5 24. Bd2 Qd4 25. Ng5 Ng4 26. Rf1 Qb6 27. Ne6 Bf6 28. Nxf8 Rxf8 29. Bg5 Bd4 30. b4 e6 31. Qe2 Be5 32. a5 Qa7 33. Qc4 Re8 34. Rbc1 Bd4 35. Qc6 Bxf2+ 36. Kh1 Qb8 37. Bf4 Bxh4 38. Bxd6 Qa8 39. Qxa8 Rxa8 40. Rc7 Rd8 41. Be7 Bxe7 42. Rxe7 e5 43. g3 Rd3 44. Rc1 Rd8 45. Kg1 e4 46. Rcc7 e3 47. Rg7+ Kf8 48. Rxh7 e2 49. Rh8# 1-0

[Event "Winnipeg Divinsky Memorial"]
[Site "Winnipeg"]
[Date "2019.04.09"]
[Round "2.9"]
[White "Magyar, Peter"]
[Black "Myrzaibraimova, Alia"]
[Result "1-0"]
[WhiteElo "1518"]
[BlackElo "1272"]
[PlyCount "79"]
[EventDate "2019.04.02"]
[EventType "swiss"]
[EventRounds "4"]
[EventCountry "CAN"]
[SourceTitle "EXT 2022"]
[Source "ChessBase"]
[SourceDate "2021.10.06"]
[SourceVersion "1"]
[SourceVersionDate "2021.10.06"]
[SourceQuality "1"]

1. d4 d5 2. Bf4 Nc6 3. c3 Nf6 4. e3 Bf5 5. Be2 e6 6. Nd2 h5 7. Ngf3 Qd7 8. a3 0-0-0 9. h3 Ne8 10. b4 f6 11. Nb3 g5 12. Nxg5 e5 13. dxe5 fxg5 14. Bxg5 Be7 15. Nc5 Bxc5 16. Bxd8 Qxd8 17. bxc5 Nxe5 18. Qd4 Nf7 19. c6 b6 20. Ba6+ Kb8 21. a4 Qd6 22. Bd3 Be6 23. a5 Qxc6 24. axb6 cxb6 25. 0-0 Bd7 26. Rfb1 Qh6 27. Qxd5 Nfd6 28. Qa5 Nc8 29. Ba6 Qg6 30. Qe5+ Nc7 31. Qxh8 Bxh3 32. g3 Qe4 33. Bf1 Be6 34. Bg2 Qg6 35. Qe5 Bf5 36. Rb2 h4 37. Ra5 Bd7 38. Rc5 Qd6 39. Qe4 hxg3 40. Qb7# 1-0

[Event "Winnipeg TNT January op"]
[Site "Winnipeg"]
[Date "2019.01.08"]
[Round "1.8"]
[White "Magyar, Peter"]
[Black "Paeldin, James"]
[Result "0-1"]
[WhiteElo "1501"]
[BlackElo "1751"]
[PlyCount "110"]
[EventDate "2019.01.08"]
[EventType "swiss"]
[EventRounds "4"]
[EventCountry "CAN"]
[SourceTitle "EXT 2022"]
[Source "ChessBase"]
[SourceDate "2021.10.06"]
[SourceVersion "1"]
[SourceVersionDate "2021.10.06"]
[SourceQuality "1"]

1. d4 d6 2. Bf4 c6 3. e3 Qc7 4. Nf3 Bg4 5. Be2 Nd7 6. h3 Bh5 7. Nbd2 Ngf6 8. 0-0 e5 9. dxe5 dxe5 10. Bh2 Be7 11. Nc4 Bxf3 12. Bxf3 0-0 13. a3 Rad8 14. Nd2 b5 15. b4 Qb6 16. c3 Rfe8 17. Qc2 Bf8 18. Be4 g6 19. Rfe1 Bg7 20. Nb3 c5 21. Nd2 c4 22. a4 a6 23. a5 Qa7 24. Bg3 Nxe4 25. Nxe4 f5 26. Nd2 e4 27. Rad1 Ne5 28. Bxe5 Rxe5 29. Nf1 Red5 30. Ng3 Rd3 31. Ne2 Qe7 32. Nd4 Bxd4 33. exd4 Qg5 34. Qc1 Qxc1 35. Rxc1 Kf8 36. Re3 Re8 37. Kf1 f4 38. Re2 g5 39. Ke1 f3 40. gxf3 exf3 41. Rxe8+ Kxe8 42. Kf1 Kf7 43. Kg1 Kf6 44. Kh2 h5 45. Kg3 Kf5 46. h4 g4 47. Kh2 Kf4 48. Rc2 Rd1 49. d5 Rxd5 50. Rc1 Rd2 51. Kg1 g3 52. fxg3+ Kxg3 53. Rf1 Rg2+ 54. Kh1 Rh2+ 55. Kg1 f2+ 0-1

[Event "Winnipeg TNT February op"]
[Site "Winnipeg"]
[Date "2018.02.06"]
[Round "1.4"]
[White "Magyar, Peter"]
[Black "Le Dorze, Philippe"]
[Result "0-1"]
[WhiteElo "1518"]
[BlackElo "1844"]
[PlyCount "112"]
[EventDate "2018.02.06"]
[EventType "swiss"]
[EventRounds "4"]
[EventCountry "CAN"]
[SourceTitle "EXT 2022"]
[Source "ChessBase"]
[SourceDate "2021.10.06"]
[SourceVersion "1"]
[SourceVersionDate "2021.10.06"]
[SourceQuality "1"]

1. d4 d5 2. Bf4 Nf6 3. e3 e6 4. Be2 c5 5. c3 a6 6. Nd2 b5 7. h3 Bb7 8. Ngf3 Bd6 9. Ne5 Bxe5 10. Bxe5 Nbd7 11. Bh2 0-0 12. 0-0 Re8 13. Nf3 Ne4 14. Ne5 Nxe5 15. Bxe5 f6 16. Bh2 e5 17. Qc2 cxd4 18. cxd4 Rc8 19. Qd3 Qa5 20. Bg4 Rc7 21. Rfd1 Qb4 22. Bf5 Qxb2 23. Bxe4 dxe4 24. Qb3+ Qxb3 25. axb3 Rc3 26. Rab1 exd4 27. Rxd4 Rd3 28. Bc7 Rc8 29. Bb6 Rcc3 30. b4 Kf7 31. Rd1 Ke6 32. Kh2 Rxd1 33. Rxd1 Rc4 34. Ba5 Bd5 35. g4 g6 36. Kg3 Rc3 37. Ra1 Rc2 38. Bb6 h6 39. Rxa6 Rc6 40. h4 f5 41. g5 hxg5 42. hxg5 Bb3 43. Ra3 Rxb6 44. Rxb3 Kd5 45. Rc3 Rc6 46. Rxc6 Kxc6 47. f3 Kd5 48. fxe4+ Kxe4 49. Kf2 Kd3 50. Kf3 Kc4 51. Ke2 Kxb4 52. Kd2 Kb3 53. Kc1 Ka2 54. Kc2 b4 55. Kd3 b3 56. Kd4 b2 0-1

[Event "Winnipeg TNT January op"]
[Site "Winnipeg"]
[Date "2018.01.16"]
[Round "2"]
[White "Magyar, Peter"]
[Black "Le Dorze, Philippe"]
[Result "0-1"]
[WhiteElo "1506"]
[BlackElo "1836"]
[PlyCount "112"]
[EventDate "2018.01.09"]
[EventType "swiss"]
[EventRounds "4"]
[EventCountry "CAN"]
[SourceTitle "EXT 2022"]
[Source "ChessBase"]
[SourceDate "2021.10.06"]
[SourceVersion "1"]
[SourceVersionDate "2021.10.06"]
[SourceQuality "1"]

1. d4 Nf6 2. Bf4 e6 3. e3 b6 4. Nf3 Bb7 5. Be2 c5 6. c3 cxd4 7. cxd4 Nc6 8. a3 Nh5 9. Bg5 f6 10. Bh4 Bd6 11. Nc3 g6 12. Nd2 Ng7 13. Nce4 Be7 14. Bg3 d5 15. Nc3 Nf5 16. Bf4 e5 17. dxe5 fxe5 18. Bg3 Nxg3 19. hxg3 Bf6 20. Bg4 d4 21. Nce4 0-0 22. Nxf6+ Qxf6 23. Ne4 Qf7 24. Qf3 Nd8 25. Qxf7+ Nxf7 26. Nf6+ Kg7 27. Nxh7 Rh8 28. Rc1 Rxh7 29. Rxh7+ Kxh7 30. Rc7 Bd5 31. e4 Bb3 32. f4 Kg8 33. Bd7 Nd6 34. Bc6 Rc8 35. Bd5+ Bxd5 36. Rd7 Bxe4 37. Rxd6 exf4 38. Rxd4 Bxg2 39. gxf4 Re8+ 40. Kf2 Bh3 41. b4 Kf7 42. Rd1 Kf6 43. Rh1 Be6 44. Rh7 Re7 45. Rh8 Kf5 46. Kg3 Ke4 47. Rh4 Bf5 48. Rh1 Kd4 49. Rc1 Re3+ 50. Kf2 Rxa3 51. Rc7 a6 52. Rc6 b5 53. Rd6+ Kc4 54. Rd2 Kxb4 55. Rd4+ Kc3 56. Rd8 b4 0-1

[Event "Winnipeg TNT April op"]
[Site "Winnipeg"]
[Date "2017.04.11"]
[Round "2"]
[White "Magyar, Peter"]
[Black "Reimer, Bruce"]
[Result "0-1"]
[WhiteElo "1529"]
[BlackElo "1658"]
[PlyCount "54"]
[EventDate "2017.04.04"]
[EventType "swiss"]
[EventRounds "4"]
[EventCountry "CAN"]
[SourceTitle "EXT 2022"]
[Source "ChessBase"]
[SourceDate "2021.10.06"]
[SourceVersion "1"]
[SourceVersionDate "2021.10.06"]
[SourceQuality "1"]

1. d4 g6 2. Nf3 Bg7 3. Bf4 d6 4. e3 a6 5. Be2 b5 6. c3 Nd7 7. Nbd2 Bb7 8. c4 b4 9. b3 Ngf6 10. h3 0-0 11. Rc1 c5 12. 0-0 h6 13. d5 Ra7 14. Bd3 a5 15. Qc2 Nh5 16. Bh2 Nb6 17. Nh4 a4 18. Bxg6 axb3 19. Nxb3 fxg6 20. Qxg6 Qe8 21. Qe6+ Qf7 22. Qg6 Rxa2 23. Qe6 Qxe6 24. dxe6 Rf6 25. Ra1 Rxa1 26. Rxa1 Rxe6 27. Nf5 Bxa1 0-1